La sociedad del riesgo: hacia una nueva modernidad

Furkejuvvon:
Bibliográfalaš dieđut
Váldodahkki: Beck, Ulrich (Dahkki)
Materiálatiipa: Girji
Giella:espánnjágiella
Almmustuhtton: Barcelona Paidós 1998
Preanttus:1a. ed
Ráidu:Paidós Básica, 89
Fáttát:
Fáddágilkorat: Lasit fáddágilkoriid
Eai fáddágilkorat, Lasit vuosttaš fáddágilkora!

MARC

LEADER 00000cam a2200000 a 4500
001 UCD6887
003 CL-VaPUC
008 170303e19980000sp |||||||||||||||||spa|d
020 |a 8449304067 
082 0 4 |a 320.01  |b BEC  |2 21 
100 0 |a Beck, Ulrich  |e author  |9 590753 
245 1 3 |a La sociedad del riesgo: hacia una nueva modernidad 
250 |a 1a. ed 
300 |a 304 p 
942 |c BK 
945 |d 20170303 17:35:00  |a dcastane 
260 |a Barcelona  |b Paidós  |c 1998 
650 7 |a FILOSOFIA POLITICA  |2 CL-VaPUC  |9 590754 
650 0 |a Igualdad social  |9 358751 
650 0 |a Antropología cultural y social   |9 265143 
650 0 |a Riqueza  |9 256853 
583 |a last modification  |c 20170303 17:35:00  |k Rodrigo Vera 
490 0 |a Paidós Básica, 89 
999 |c 367064  |d 367062 
952 |0 0  |1 0  |3 erb  |4 0  |6 320_010000000000000_BEC_1998  |7 0  |8 A  |9 481747  |a BIBENE  |b BIBENE  |i 532887K  |o 320.01 BEC 1998  |p 532887K  |r 2025-01-15  |w 2019-11-24  |y BK  |z Catalogado en:20170303  |k ICO